Presidents of Ireland by Picture - Statistics

General Stats
  • This quiz has been taken 39 times
    11 since last reset
  • The average score is 7 of 10
Answer Stats
Picture Hint Answer % Correct
1959-1973 Éamon de Valera
100%
2011-2025 Michael D. Higgins
100%
2025-Present Catherine Connolly
88%
1990-1997 Mary Robinson
88%
1938-1945 Douglas Hyde
75%
1997-2011 Mary McAleese
75%
1974-1976 Cearbhall Ó Dálaigh
50%
1973-1974 Erskine Hamilton Childers
50%
1976-1990 Patrick Hillery
50%
1949-1959 Seán T. O'Kelly
50%
No matching quizzes found
Score Distribution
Percent of People with Each Score
Percentile by Number Answered
Your Score History
You have not taken this quiz since the last reset